| 000 | 00974cam a2200301 i 4500 | ||
|---|---|---|---|
| 001 | 17962206 | ||
| 003 | ARRUPE | ||
| 005 | 20140908141953.0 | ||
| 008 | 131204s2013 rh 000 0 eng | ||
| 010 | _a 2013439502 | ||
| 020 | _a9780797456495 | ||
| 040 |
_aDLC _beng _cDLC _erda |
||
| 042 |
_alcode _apcc |
||
| 043 | _af-rh--- | ||
| 050 | 0 | 0 |
_aHD992.Z63 _bB835 2013 |
| 100 | 1 |
_aBuckle, Catherine. _911111 |
|
| 245 | 1 | 0 |
_aCan you hear the drums? : _bletters from Zimbabwe, 2000-2004 / _cCathy Buckle. |
| 260 |
_aMarondera _bPrivate _c2013 |
||
| 300 |
_a278 pages ; _c20 cm |
||
| 650 | 0 |
_aLand tenure _zZimbabwe _911112 |
|
| 650 | 0 |
_aLand reform _zZimbabwe. _911113 |
|
| 651 | 0 |
_aZimbabwe _xSocial conditions. _911114 |
|
| 651 | 0 |
_aZimbabwe _xEconomic conditions. _911115 |
|
| 651 | 0 |
_aZimbabwe _xPolitics and government. _911116 |
|
| 906 |
_a7 _bcbc _corigode _d2 _encip _f20 _gy-gencatlg |
||
| 942 |
_2lcc _cMONOGRAPH |
||
| 999 |
_c120792 _d120792 |
||